00497nam a2200085Ia 4500008004100000245002500041300027500066650001300341856005700354170517s9999 xx 000 0 und d aScience Under Attack aNobel Prize winner Sir Paul Nurse examines why science appears to be under attack, and why public trust in key scientific theories has been eroded - from the theory that man-made climate change is warming our planet, to the safety of GM food, or that HIV causes AIDS.... xScience. uhttp://topdocumentaryfilms.com/science-under-attack/